• 首页
  • 本馆介绍
  • 公告通知
  • 最新文献
  • 馆藏检索
  • 电子资源
  • 读者导购
  • 参考咨询
  • 我的图书馆
  • 登录
  • 详细信息显示
  • 放入我的书架
  • 预约/预借图书
  • 作者相关作品
  • 分类相关作品
  • 丛书相关作品
  • 出版社相关作品

书目信息

  • 表格格式
  • 工作单格式
  • 卡片格式
题名:
政治经济学
    
 
作者: 兰格 , Langer 著 ;王宏昌 译
分册:  
出版信息: 北京   中国社会科学出版社  1987
页数: 494页
开本: 21cm
丛书名: 当代经济比较研究丛书
单 册:
中图分类: F0-0 , F0
科图分类:
主题词: 政治经济学 , 政治经济学
电子资源:
ISBN: 7-5004-0201-5
000 00877nam2 2200313 45
001 0187000990
005 20040423084335.7
010    @a7-5004-0201-5@dCNY3.25
100    @a19900808d1987 km y0chiy0121 ea
101 1  @achi@beng@cpol
102    @aCN@b110000
105    @ay z 000yy
106    @ar
200 10 @a政治经济学@Azheng zhi jing ji xue@f(波)兰格(Langer,O.R.)著@g王宏昌译
210    @a北京@c中国社会科学出版社@d1987
215    @a494页@d21cm
225 2  @a当代经济比较研究丛书
410  0 @120010@a当代经济比较研究丛书
510 1  @aPolitical economy
606    @a政治经济学
606 0  @a政治经济学
690    @aF0-0@v3
690    @aF0
701  1 @a兰格@Alan ge@bO.R.@4著
701 A1 @aLanger@bO.R.@4著
702  0 @a王宏昌@Awang hong chang@4译
801  0 @aCN@b深圳图书馆@c20040423
801  2 @aCN@bNLC@c20040423
905    @f2@b206424-425@dF0@e111
    
    政治经济学/(波)兰格(Langer,O.R.)著/王宏昌译.-北京:中国社会科学出版社,1987
    494页;21cm.-(当代经济比较研究丛书)
    
    
    ISBN 7-5004-0201-5:CNY3.25
    
●
相关链接 在E读中查询图书 在五车中查询图书 在当当中查询图书 在豆瓣中查询图书


正题名:政治经济学     索取号:F0/111         预约/预借

序号 登录号 条形码 馆藏地/架位号 状态 备注
1 0206424   001268210   密集书库/ [索取号:F0/111] 在馆    
2 0206425   001268229   第一借阅区/ [索取号:F0/111] 在馆    
3 0206426   002060619   第一样本阅览室/ [索取号:F0/111] 在馆    
唐山师范学院图书馆 欢迎您!
大连网信软件有限公司© 版权所有